Les Douze Dieux grec du Mont Olympe - Statistiques

Statistiques générales
  • Ce quiz a été pris 2 905 fois
  • Le résultat moyen est 8 sur 12
Statistiques - réponses
Réponse % Correct
1 Zeus
100%
3 Poséidon
86%
2 Héra
84%
4 Athéna
83%
10 Aphrodite
70%
7 Apollon
70%
5 Arès
70%
11 Hermès
67%
9 Héphaïstos
59%
6 Démeter
48%
12 Dionysos
47%
8 Arthémis
17%
Aucun quiz correspondant
Distribution des résultats
% des personnes avec chaque résultat
Percentile par nombre de réponses
Votre historique - résultats
Vous n’avez pas pris ce quiz